| 000 | 00526nam a22001337a 4500 | ||
|---|---|---|---|
| 008 | 230405b |||||||| |||| 00| 0 eng d | ||
| 040 |
_aNational Science Library _cNational Science Library |
||
| 080 |
_a330.341.42(047) _bL3 |
||
| 245 |
_aMeeting the challenges of industrialization: _bA feasibility study for an International industrialization institute _c/ National Academy of Sciences |
||
| 260 |
_aWashington: _bNational Academy of Sciences, _c1973 |
||
| 300 | _a133p. | ||
| 653 | _aIndustrialization | ||
| 942 |
_2udc _cBK |
||
| 999 |
_c18734 _d18734 |
||